Szczegóły MARC21

Funkcjonowanie systemu fluwialnego wyżynnej części dorzecza Wieprza w zlodowaceniu Wisły = Development of the fluvial system of the Wieprz river upland part drainage basin in the Vistulian /

003 -Nazwa inst., której nr kontr. jest w polu 001 [,]
    • @
    • Nazwa instytucji, której n kontrolny jest w polu 001
    • NUKAT
005 -DATA I CZAS OSTATNIEJ MODYFIKACJI [,]
    • @
    • pole kontrolne
    • 20241231094826.0
020 -Międzynarod. znormalizowany nr książki - ISBN [ , ]
    • a
    • Numer ISBN
    • 8322709188 Find
040 -Instytucja sporządzająca opis [ , ]
    • a
    • Instytucja, która sporządziła opis (NP)
    • LUBL M/mm
    • c
    • Instytucja, która sporządziła rekord (NP)
    • LUBL M/mm
    • d
    • Instytucja, która zmodyfikowała rekord (P)
    • LUBL M/IS
    • d
    • Instytucja, która zmodyfikowała rekord (P)
    • Ł U/JOs
041 -Język dokumentu [0, ]
    • a
    • Język tekstu (P)
    • polski
    • b
    • Język streszczeń lub abstraktu (P)
    • angielski
942 -Rodzaj dokumentu [ , ]
    • c
    • Rodzaj dokumentu
    • Książka
100 -Hasło główne - nazwa osobowa [1, ]
    • a
    • Nazwa osobowa (NP)
    • Superson, Józef
    • d
    • Daty biograficzne (NP)
    • (1948- ).
    • 9
    • KHW
    • 426773
245 -Strefa tytułu i oznaczenia odpowiedzialności [1,0]
    • a
    • Tytuł
    • Funkcjonowanie systemu fluwialnego wyżynnej części dorzecza Wieprza w zlodowaceniu Wisły = Find
    • b
    • Ciąg dalszy tytułu (NP)
    • Development of the fluvial system of the Wieprz river upland part drainage basin in the Vistulian / Find
    • c
    • Pozostałe elementy strefy tytułu i oznaczenia odpowiedzialności (NP)
    • Józef Superson.
246 -Wariant tytułu [3,1]
    • a
    • Tytuł (NP)
    • Development of the fluvial system of the Wieprz river upland part drainage basin in the Vistulian
260 -Strefa adresu wydawniczego [ , ]
    • a
    • Miejsce wydania (P)
    • Lublin :
    • b
    • Nazwa wydawcy (P)
    • Wydaw. UMCS,
    • c
    • Data wydania (P)
    • 1996.
300 -Strefa opisu fizycznego [ , ]
    • a
    • Określenie formy książki i/lub objętość (NP)
    • 280, [2] s., [8] s. tabl. :
    • b
    • Oznaczenie ilustracji (NP)
    • il. ;
    • c
    • Format (NP)
    • 25 cm.
336 -Typ zawartości [ , ]
    • a
    • Termin opisujący typ zawartości
    • Tekst
    • b
    • Kod określający zawartość
    • txt
    • 2
    • Źródło (terminu i kodu)
    • rdacontent
337 -Typ mediów [ , ]
    • a
    • Tryb odtwarzania
    • Bez urządzenia pośredniczącego
    • b
    • Kod typu mediów
    • n
    • 2
    • Źródło (terminu i kodu)
    • rdamedia
338 -Typ/rodzaj nośnika [ , ]
    • a
    • Hasło opisujące typ nośnika
    • Wolumin
    • b
    • Kod typu nośnika
    • nc
    • 2
    • Źródło (terminu i kodu)
    • rdacarrier
490 -Strefa serii i książki wielotomowej - forma nie do wyszukiwania [1, ]
    • a
    • Tytuł (P)
    • Rozprawy Habilitacyjne / Uniwersytet Marii Curie-Skłodowskiej. Wydział Biologii i Nauk o Ziemi, Find
    • x
    • ISSN (NP)
    • 0860-7702 ;
    • v
    • Numeracja (P)
    • 53
830 -Hasło dodatkowe serii i opisu książki wielotomowej - tytuł ujednolicony/tytuł [ ,0]
    • a
    • Tytuł ujednolicony/tytuł (NP)
    • Rozprawy Habilitacyjne - Uniwersytet Marii Curie-Skłodowskiej. Wydział Biologii i Nauk o Ziemi
    • x
    • ISSN
    • 0860-7702
    • v
    • Oznaczenie tomu (NP)
    • 53
    • 9
    • KHW
    • 426681
504 -Uwaga dot. bibliogr. załącznikowej [ , ]
    • a
    • Uwaga dot. bibliografii załącznikowej
    • Bibliogr. s. 265-280.
546 -Uwaga dot. języka [ , ]
    • a
    • Uwaga dot. języka
    • Streszcz. i spis treści także ang.
080 -Uniwersalna Klasyfikacja Dziesiętna [ , ]
    • a
    • Symbol klasyfikacji
    • 551.43(438-12)
080 -Uniwersalna Klasyfikacja Dziesiętna [ , ]
    • a
    • Symbol klasyfikacji
    • :556.5(438-12)
650 -Hasło przedmiotowe [ ,7]
    • a
    • Hasło przedmiotowe
    • Geologia
    • z
    • Określnik geograficzny
    • Polska
    • z
    • Określnik geograficzny
    • Wieprza, Dorzecze.
    • 2
    • Źródło terminu
    • kaba
    • 9
    • KHW
    • 426868
650 -Hasło przedmiotowe [ ,7]
    • a
    • Hasło przedmiotowe
    • Osady rzeczne
    • z
    • Określnik geograficzny
    • Polska
    • z
    • Określnik geograficzny
    • Wieprza, Dorzecze.
    • 2
    • Źródło terminu
    • kaba
    • 9
    • KHW
    • 426869
650 -Hasło przedmiotowe [ ,7]
    • a
    • Hasło przedmiotowe
    • Würm (zlodowacenie)
    • z
    • Określnik geograficzny
    • Polska
    • z
    • Określnik geograficzny
    • Wieprza, Dorzecze.
    • 2
    • Źródło terminu
    • kaba
    • 9
    • KHW
    • 426871
650 -Hasło przedmiotowe [ ,7]
    • a
    • Hasło przedmiotowe
    • Peryglacjał
    • z
    • Określnik geograficzny
    • Polska
    • z
    • Określnik geograficzny
    • Wieprza, Dorzecze.
    • 2
    • Źródło terminu
    • kaba
    • 9
    • KHW
    • 426870
651 -Hasło przedmiotowe w formie nazwy geograficznej [ ,7]
    • a
    • Nazwa geograficzna
    • Wieprza, Dorzecze (Polska).
    • 2
    • Źródło terminu
    • kaba
    • 9
    • KHW
    • 135556
980 -Symbol UKD [ , ]
    • a
    • UKD
    • 551.43:556.5](438-12)
710 -Hasło dodatkowe - nazwa ciała zbiorowego [2, ]
    • a
    • Nazwa ciała zbiorowego lub nazwa geograficzna jako pierwszy element (NP)
    • Uniwersytet Marii Curie-Skłodowskiej (Lublin).
    • b
    • Nazwa jednostki podrzędnej (P)
    • Wydawnictwo.
    • 4
    • Kod relacji
    • pbl
    • 9
    • KHW
    • 51608
920 -ISBN [ , ]
    • a
    • ISBN
    • 83-227-0918-8 Find
Sygnatura Lokalizacja Data inwentaryzacji Numer inwentarzowy Status udost.
 BG1998-05-20Bl.6963-3
Z.91922BG1998-07-22Z.919221